000 01024nam a2200265 i 4500
001 179054
003 ES-MaACL
005 20240129115657.0
008 110824s2006 sp a |||| |dspa d
020 _a978-84-95399-73-1
080 _a821.134.2-23"19"
100 1 _aArrabal, Fernando,
_d1932-
_923204
245 1 0 _aClaudel y Kafka /
_cFernando Arrabal, Ruth Reichelberg ; dibujos de Fernando Arrabal ; prólogo de Antonio Fernández Molina ; epílogo de Luce Moreau-Arrabal ; traducción del epílogo de Paola Masseau.
250 _a2ª ed.
260 _aZaragoza :
_bLibros del Innombrable,
_c2006.
300 _a88 p. :
_bil. ;
_c17 cm.
490 1 _aSarastro ;
_v5
700 1 _aReichelberg, Ruth.
_9147738
700 1 _aFernández Molina, Antonio.
_949932
700 1 _aMoreau Arrabal, Luce.
_9147739
830 0 _aSarastro ;
_v5
_9224386
852 _aES-MaACL
_9185923
_jA-11442
_bR.145888
_dOlim: N-4446
_cDEPO1
942 _2udc
_cMONOGRAFIA
999 _c179054
_d179054